000
00306nam a22001337a 4500
008
171023b xxu||||| |||| 00| 0 eng d
020
_a
9780470744031
041
_a
eng
080
_a
311
100
_a
55
101
_a
STA
245
_a
ECONOMETRIC ANALYSIS OF PANEL DATA
_c
BALTAGI,B.H
942
_2
udc
_c
BK
999
_c
35542
_d
35542